000 01023nmm a2200349 a 4500
003 AR-BaBNM
005 20251128203108.0
008 147019s1976 ||||||||||||||000 | spa||
040 _cAR-BaBNM
100 1 _aAron, Raymond
245 1 0 _aLas etapas del pensamiento sociológico
_bDurkheim, Pareto, Weber
_n2
260 _aBuenos Aires
_bSiglo XX
_c1976
300 0 _a405 p.
_btablas
504 _aContiene indicaciones biográficas y bibliografía al final de cada capítulo
600 1 4 _aPareto, Vilfredo
600 1 4 _aDurkheim, Emile
_d1858-1917
600 1 4 _aTocqueville, Alexis de
600 1 4 _aComte, Auguste
600 1 4 _aWeber, Max
_d1864-1920
650 4 _aSOCIOLOGIA
650 4 _aSIGLO DIECINUEVE
650 4 _aSIGLO VEINTE
650 4 _aSOCIOLOGIA POLITICA
650 4 _aESTRUCTURA SOCIAL
650 4 _aHISTORIA SOCIAL
650 4 _aSOCIOLOGIA POLITICA
650 4 _aCONFLICTO POLITICO
650 4 _aVIDA POLITICA
700 1 _aLeal, Aníbal
_etraductor
942 _cBK
998 _cSILVI
999 _c1865
_d1865